LABORATORY GUIDE FOR IDENTIFICATION OF PLANT PATHOGENIC BACTERIA (Record no. 10670)

MARC details
000 -LEADER
fixed length control field 00488nam a22001817a 4500
003 - CONTROL NUMBER IDENTIFIER
control field OSt
005 - DATE AND TIME OF LATEST TRANSACTION
control field 20211008095050.0
008 - FIXED-LENGTH DATA ELEMENTS--GENERAL INFORMATION
fixed length control field 211008b |||||||| |||| 00| 0 eng d
020 ## - INTERNATIONAL STANDARD BOOK NUMBER
International Standard Book Number 0890640780
040 ## - CATALOGING SOURCE
Transcribing agency HAWASSA UNIVERSITY
050 ## - LIBRARY OF CONGRESS CALL NUMBER
Classification number 574.6483/LAB
Item number 1
082 ## - DEWEY DECIMAL CLASSIFICATION NUMBER
Edition number 2nd
Classification number 574.6483/LAB
Item number 1
100 ## - MAIN ENTRY--PERSONAL NAME
Personal name SCHAAD N.W.
9 (RLIN) 11523
245 ## - TITLE STATEMENT
Title LABORATORY GUIDE FOR IDENTIFICATION OF PLANT PATHOGENIC BACTERIA
260 ## - PUBLICATION, DISTRIBUTION, ETC.
Place of publication, distribution, etc. AMERICA
Name of publisher, distributor, etc. USA
Date of publication, distribution, etc. 1988
300 ## - PHYSICAL DESCRIPTION
Extent ix/157
942 ## - ADDED ENTRY ELEMENTS (KOHA)
Source of classification or shelving scheme Dewey Decimal Classification
Koha item type Books like text book referance book
Suppress in OPAC No
Holdings
Withdrawn status Lost status Source of classification or shelving scheme Damaged status Not for loan Home library Current library Date acquired Total Checkouts Full call number Barcode Date last seen Copy number Price effective from Koha item type
    Dewey Decimal Classification     College of Agriculture Library College of Agriculture Library 10/08/2021   574.6483/LAB ALIB0007879 10/08/2021 1 10/08/2021 Books like text book referance book